[Event "DLM 2008"]
[Site "Dresden GER"]
[Date "2008.11.16"]
[Round "4"]
[White "Pfadenhauer, Johannes"]
[Black "Kyas, Philipp"]
[Result "1/2-1/2"]
[Termination "normal"]
[Board "3.6"]
[WhiteElo "1668"]
[BlackElo "1889"]
[WhiteTeam "Bayern"]
[BlackTeam "Niedersachsen"]
[PlyCount "134"]
[WhiteFideId "24615269"]
[BlackFideId "24670936"]
[EventCountry "GER"]
[EventRounds "7"]
[EventType "team-swiss"]
[EventDate "2008.11.13"]

1. d4 Nf6 2. Bg5 Ne4 3. Bf4 d6 4. f3 Nf6 5. e4 Nc6 6. Nc3 Nh5 7. Be3 e5 8. d5
Nb8 9. g3 g6 10. Bh3 Bxh3 11. Nxh3 Qd7 12. Nf2 Be7 13. Qd2 b5 14. O-O-O b4 15.
Ne2 a5 16. g4 Ng7 17. f4 f6 18. f5 Na6 19. h4 Kf7 20. Rdf1 a4 21. Ng3 b3 22. a3
gxf5 23. Nxf5 Nxf5 24. gxf5 bxc2 25. Qe2 h5 26. Rfg1 Nc5 27. Rg6 Bf8 28. Bxc5
dxc5 29. Qc4 Qd6 30. Kxc2 Bh6 31. Nh3 Qa6 32. Ng5+ Bxg5 33. Qxa6 Rxa6 34. hxg5
Rb6 35. Rh6 Rxh6 36. gxh6 Kg8 37. Rxh5 Kh7 38. Rh3 Ra6 39. b4 cxb4 40. axb4 a3
41. Kb1 Rb6 42. Rb3 Kxh6 43. b5 Kg5 44. Ka2 Kf4 45. Rb4 Ke3 46. Kxa3 Kd3 47.
Kb3 Rb7 48. b6 cxb6 49. Ka4 Kc3 50. Kb5 Rb8 51. Ra4 Kd3 52. Kc6 b5 53. Rb4 Kc3
54. Rxb5 Rc8+ 55. Kb7 Rc4 56. d6 Rxe4 57. d7 Rd4 58. Kc7 Kd3 59. d8=Q Rxd8 60.
Kxd8 Ke4 61. Ke7 Kxf5 62. Rb4 e4 63. Rb5+ Kf4 64. Kxf6 e3 65. Re5 Kf3 66. Kg5
e2 67. Rxe2 Kxe2 1/2-1/2

[Event "DLM 2008"]
[Site "Dresden GER"]
[Date "2008.11.16"]
[Round "4"]
[White "Dorn, Carina"]
[Black "Adermann, Mara"]
[Result "1-0"]
[Termination "normal"]
[Board "3.7"]
[WhiteElo "1778"]
[BlackElo "1558"]
[WhiteTeam "Niedersachsen"]
[BlackTeam "Bayern"]
[PlyCount "69"]
[WhiteFideId "24666335"]
[EventCountry "GER"]
[EventRounds "7"]
[EventType "team-swiss"]
[EventDate "2008.11.13"]

1. d4 Nf6 2. Nf3 d5 3. c4 e6 4. Nc3 c6 5. e3 Nbd7 6. Qc2 Be7 7. g4 dxc4 8. Bxc4
Nd5 9. Bd2 N7b6 10. Be2 Nxc3 11. Bxc3 Nd5 12. O-O-O Nxc3 13. Qxc3 Qd5 14. Kb1
Qe4+ 15. Ka1 f6 16. Nd2 Qg6 17. f4 Bd7 18. e4 f5 19. gxf5 exf5 20. e5 Be6 21.
Bf3 O-O 22. Nb3 Qf7 23. Rd3 Rfc8 24. a3 Bd5 25. Rc1 Bxf3 26. Rxf3 b6 27. Rd3
Qd5 28. Qc4 Kf7 29. Rdc3 Ke6 30. Qa4 Kd7 31. Qa6 Rc7 32. Rxc6 Qxc6 33. Rxc6
Kxc6 34. Qc4+ Kd7 35. Qd5+ 1-0

[Event "DLM 2008"]
[Site "Dresden GER"]
[Date "2008.11.16"]
[Round "4"]
[White "Berger, Nadja"]
[Black "Manusina, Nicole"]
[Result "1-0"]
[Termination "normal"]
[Board "3.8"]
[WhiteElo "1553"]
[BlackElo "1612"]
[WhiteTeam "Bayern"]
[BlackTeam "Niedersachsen"]
[PlyCount "55"]
[WhiteFideId "24692212"]
[BlackFideId "24657514"]
[EventCountry "GER"]
[EventRounds "7"]
[EventType "team-swiss"]
[EventDate "2008.11.13"]

1. e4 d5 2. exd5 Qxd5 3. Nc3 Qa5 4. Bc4 c6 5. Nge2 Bf5 6. O-O e6 7. Kh1 Bd6 8.
d3 Qc7 9. Ng3 Ne7 10. Qf3 Bg6 11. Re1 O-O 12. Bg5 Nd5 13. Nce4 Nd7 14. Nxd6
Qxd6 15. Ne4 Qb4 16. Bb3 a5 17. Bd2 Qb6 18. Rab1 a4 19. Bxd5 cxd5 20. Ng3 Rfc8
21. Rf1 Qa6 22. Bc3 a3 23. Ne2 Rab8 24. Qg4 d4 25. Qxd4 Nf6 26. g4 Rd8 27. Qe5
Rd5 28. Qxb8+ 1-0

[Event "DLM 2008"]
[Site "Dresden GER"]
[Date "2008.11.16"]
[Round "4"]
[White "Schlötzer, Waldemar"]
[Black "Hannes, Diana"]
[Result "1-0"]
[Termination "normal"]
[Board "4.1"]
[WhiteElo "2245"]
[BlackElo "2055"]
[WhiteTeam "Baden"]
[BlackTeam "Thüringen"]
[PlyCount "44"]
[WhiteFideId "24602140"]
[BlackFideId "24611344"]
[EventCountry "GER"]
[EventRounds "7"]
[EventType "team-swiss"]
[EventDate "2008.11.13"]

1. d4 Nf6 2. c4 e6 3. Nc3 d5 4. Bg5 Be7 5. Nf3 O-O 6. e3 Nbd7 7. Bd3 dxc4 8.
Bxc4 a6 9. a4 c5 10. O-O Nb6 11. Bb3 cxd4 12. exd4 Nbd5 13. Ne5 Nd7 14. Bxe7
Nxe7 15. Ne4 Nxe5 16. dxe5 Bd7 17. Qh5 Ng6 18. Ng5 h6 19. Nxf7 Kxf7 20. Qf5+
Kg8 21. Qxg6 Qe8 22. Qg4 Rf5 1-0

[Event "DLM 2008"]
[Site "Dresden GER"]
[Date "2008.11.16"]
[Round "4"]
[White "Wolf, Isaak"]
[Black "Lutz, Bernhard"]
[Result "1-0"]
[Termination "normal"]
[Board "4.2"]
[WhiteElo "1925"]
[BlackElo "2187"]
[WhiteTeam "Thüringen"]
[BlackTeam "Baden"]
[PlyCount "52"]
[BlackFideId "24628638"]
[EventCountry "GER"]
[EventRounds "7"]
[EventType "team-swiss"]
[EventDate "2008.11.13"]

1. e4 c5 2. Nf3 e6 3. d4 cxd4 4. Nxd4 a6 5. Nc3 Qc7 6. Be2 Nc6 7. O-O Nf6 8. a3
Nxd4 9. Qxd4 Bc5 10. Qd3 O-O 11. Be3 Be7 12. f4 d6 13. Bf3 Nd7 14. Rad1 Rd8 15.
Qe2 Rb8 16. Ba7 Ra8 17. Bd4 b5 18. e5 Rb8 19. Be4 Bb7 20. exd6 Bxd6 21. Qg4 Bf8
22. Bxh7+ Kxh7 23. Rd3 f5 24. Rh3+ Kg8 25. Qg6 Re8 26. Rh7 Ne5 1-0

[Event "DLM 2008"]
[Site "Dresden GER"]
[Date "2008.11.16"]
[Round "4"]
[White "Tischer, Jana"]
[Black "Tiemann, Christoph"]
[Result "0-1"]
[Termination "normal"]
[Board "4.4"]
[WhiteElo "1870"]
[BlackElo "2079"]
[WhiteTeam "Thüringen"]
[BlackTeam "Baden"]
[PlyCount "74"]
[WhiteFideId "24617164"]
[BlackFideId "24676900"]
[EventCountry "GER"]
[EventRounds "7"]
[EventType "team-swiss"]
[EventDate "2008.11.13"]

1. e4 c5 2. Nc3 d6 3. f4 g6 4. Nf3 Bg7 5. Bc4 Nc6 6. O-O Nf6 7. d3 O-O 8. Qe1
e6 9. a3 d5 10. Ba2 Nd4 11. e5 Nxc2 12. Qd1 Nxa1 13. exf6 Bxf6 14. Bd2 b5 15.
Qxa1 b4 16. axb4 cxb4 17. Nd1 a5 18. Ne5 Ba6 19. Nf2 Qd6 20. Qe1 Bg7 21. Qe3
Rac8 22. Bb1 f6 23. Nf3 e5 24. fxe5 fxe5 25. Ng4 e4 26. Nh4 Rxf1+ 27. Kxf1 Rf8+
28. Kg1 Bxd3 29. Bxd3 exd3 30. Qxd3 Qc5+ 31. Be3 Qc4 32. Qd1 Bxb2 33. h3 b3 34.
Qb1 Qc2 35. Qe1 Bc3 36. Qg3 b2 37. Nh6+ Kh8 0-1

[Event "DLM 2008"]
[Site "Dresden GER"]
[Date "2008.11.16"]
[Round "4"]
[White "Sarchisov, Slavik"]
[Black "Pältz, Sebastian"]
[Result "1-0"]
[Termination "normal"]
[Board "4.5"]
[WhiteElo "2019"]
[BlackElo "1773"]
[WhiteTeam "Baden"]
[BlackTeam "Thüringen"]
[PlyCount "61"]
[WhiteFideId "24647888"]
[BlackFideId "24648027"]
[EventCountry "GER"]
[EventRounds "7"]
[EventType "team-swiss"]
[EventDate "2008.11.13"]

1. e4 e5 2. Nf3 Nc6 3. Bc4 Bc5 4. c3 Nf6 5. d3 d6 6. O-O O-O 7. Nbd2 Bb6 8. Bb3
h6 9. Nc4 Bg4 10. h3 Bh5 11. Re1 Re8 12. Nxb6 axb6 13. g4 Bg6 14. Nh4 Bh7 15.
g5 hxg5 16. Bxg5 Na5 17. Bc2 c5 18. Qf3 Kh8 19. Ng2 Rg8 20. Kh2 Rc8 21. Ne3 Re8
22. Rg1 Bg6 23. Rg3 Re6 24. Nd5 b5 25. Rag1 Kh7 26. Bxf6 gxf6 27. h4 Kh8 28.
Rxg6 fxg6 29. Rxg6 Rc7 30. Nxc7 Qxc7 31. Qh5+ 1-0

[Event "DLM 2008"]
[Site "Dresden GER"]
[Date "2008.11.16"]
[Round "4"]
[White "Urban, Lars"]
[Black "Kohm, Vanessa"]
[Result "1-0"]
[Termination "normal"]
[Board "4.6"]
[WhiteElo "1789"]
[BlackElo "1839"]
[WhiteTeam "Thüringen"]
[BlackTeam "Baden"]
[PlyCount "51"]
[WhiteFideId "4644034"]
[BlackFideId "4674472"]
[EventCountry "GER"]
[EventRounds "7"]
[EventType "team-swiss"]
[EventDate "2008.11.13"]

1. d4 d5 2. c4 c6 3. cxd5 cxd5 4. Nf3 Nc6 5. Nc3 Nf6 6. e3 e6 7. Bd3 Bd7 8. Bd2
Bd6 9. O-O O-O 10. Rc1 a6 11. a3 b5 12. b4 Qe7 13. Bb1 Rfb8 14. Qe2 Nd8 15. Ne5
a5 16. Nxd7 Qxd7 17. Na2 Nc6 18. Bd3 Na7 19. Rc2 Ne8 20. e4 Nc7 21. e5 Bf8 22.
Rc3 axb4 23. Bxh7+ Kxh7 24. Rh3+ Kg8 25. Qh5 f6 26. exf6 1-0

[Event "DLM 2008"]
[Site "Dresden GER"]
[Date "2008.11.16"]
[Round "4"]
[White "Schuhmacher, Jakob"]
[Black "Jünger, Theresa"]
[Result "1-0"]
[Termination "normal"]
[Board "4.7"]
[WhiteElo "1630"]
[BlackElo "1584"]
[WhiteTeam "Baden"]
[BlackTeam "Thüringen"]
[PlyCount "123"]
[WhiteFideId "4612787"]
[EventCountry "GER"]
[EventRounds "7"]
[EventType "team-swiss"]
[EventDate "2008.11.13"]

1. d4 Nf6 2. Nf3 g6 3. c4 Bg7 4. Nc3 O-O 5. e4 d6 6. Be2 Nfd7 7. O-O c5 8. Be3
b6 9. Qc2 Nc6 10. d5 Nb4 11. Qd2 Rb8 12. a3 Na6 13. Ne1 Nc7 14. f4 a6 15. a4
Nf6 16. Nd3 Ng4 17. Bxg4 Bxg4 18. e5 Bf5 19. exd6 Qxd6 20. Rae1 e6 21. Ne5 Rbd8
22. g4 exd5 23. gxf5 gxf5 24. cxd5 Nxd5 25. Nxd5 Qxd5 26. Qxd5 Rxd5 27. Rd1
Rfd8 28. Rxd5 Rxd5 29. Nc6 Kf8 30. b4 Rd6 31. b5 axb5 32. axb5 Rd3 33. Bf2 Rb3
34. Rd1 Bh6 35. Na7 Bxf4 36. Rd5 Kg7 37. Rxf5 Bb8 38. Nc6 Bc7 39. Rd5 Rxb5 40.
Rd7 Bf4 41. Nd8 Kg6 42. Nxf7 Rb1+ 43. Kg2 Rb2 44. Nd6 Be3 45. Ne4 Bxf2 46. Nxf2
c4 47. Rc7 b5 48. Rc5 Kf6 49. Kf3 Rb3+ 50. Ke4 c3 51. Kd3 b4 52. Rc4 Rb2 53.
Ng4+ Kg7 54. h4 Rd2+ 55. Ke3 Rc2 56. Rxb4 Rb2 57. Rc4 c2 58. Kd2 Kg6 59. Ne3
c1=Q+ 60. Kxc1 Rh2 61. Kd1 Kh5 62. Nf5 1-0

[Event "DLM 2008"]
[Site "Dresden GER"]
[Date "2008.11.16"]
[Round "4"]
[White "Michels, Kim"]
[Black "Spiegelberg, Silvia"]
[Result "0-1"]
[Termination "normal"]
[Board "4.8"]
[WhiteElo "1321"]
[BlackElo "1535"]
[WhiteTeam "Thüringen"]
[BlackTeam "Baden"]
[PlyCount "96"]
[WhiteFideId "24690066"]
[BlackFideId "24654450"]
[EventCountry "GER"]
[EventRounds "7"]
[EventType "team-swiss"]
[EventDate "2008.11.13"]

1. e4 c5 2. d4 cxd4 3. c3 d3 4. Bxd3 d6 5. Nf3 Nf6 6. O-O a6 7. Nbd2 Qc7 8. Nb3
Nbd7 9. Qe2 e6 10. Rd1 b6 11. Bg5 Be7 12. Rac1 Bb7 13. Nfd4 h6 14. Bh4 Ne5 15.
Bc2 Qc4 16. Qxc4 Nxc4 17. Re1 Nxb2 18. Nd2 Rc8 19. Bxf6 Bxf6 20. Rb1 Bxd4 21.
Rxb2 Bxc3 22. Nc4 Bxb2 23. Nxd6+ Ke7 24. Nxc8+ Rxc8 25. Re2 Bxe4 26. Rxe4 Rxc2
27. Kf1 Bf6 28. Ra4 a5 29. Ra3 Kd6 30. Rd3+ Kc5 31. a3 Ra2 32. Rb3 b5 33. Ke1
b4 34. axb4+ axb4 35. g3 Bc3+ 36. Kf1 Rb2 37. Rxb2 Bxb2 38. Ke1 Kc4 39. Kd2
Bc3+ 40. Kc2 b3+ 41. Kb1 b2 42. f3 Kd3 43. f4 f5 44. h3 h5 45. g4 fxg4 46. hxg4
hxg4 47. Ka2 Kc2 48. Ka3 b1=Q 0-1

[Event "DLM 2008"]
[Site "Dresden GER"]
[Date "2008.11.16"]
[Round "4"]
[White "Zhou, Syang"]
[Black "Armbrust, Florian"]
[Result "1/2-1/2"]
[Termination "normal"]
[Board "5.1"]
[WhiteElo "2110"]
[BlackElo "2326"]
[WhiteTeam "Württemberg 2"]
[BlackTeam "Rheinland-Pfalz"]
[PlyCount "36"]
[WhiteFideId "24636126"]
[BlackFideId "4691350"]
[EventCountry "GER"]
[EventRounds "7"]
[EventType "team-swiss"]
[EventDate "2008.11.13"]

1. e4 c5 2. Nf3 d6 3. d4 cxd4 4. Nxd4 Nf6 5. Nc3 Nc6 6. Be2 e5 7. Nf3 h6 8. O-O
Be7 9. h3 O-O 10. Re1 Be6 11. Bf1 Nb8 12. b3 a6 13. a4 Qc7 14. Bb2 Nbd7 15. Nd2
Nc5 16. a5 Rac8 17. Qf3 Rfe8 18. Nc4 Qc6 1/2-1/2

[Event "DLM 2008"]
[Site "Dresden GER"]
[Date "2008.11.16"]
[Round "4"]
[White "Dann, Matthias"]
[Black "Geshnizjani, Ramin Tobias"]
[Result "1-0"]
[Termination "normal"]
[Board "5.2"]
[WhiteElo "2203"]
[BlackElo "2037"]
[WhiteTeam "Rheinland-Pfalz"]
[BlackTeam "Württemberg 2"]
[PlyCount "66"]
[WhiteFideId "24638056"]
[BlackFideId "24633089"]
[EventCountry "GER"]
[EventRounds "7"]
[EventType "team-swiss"]
[EventDate "2008.11.13"]

1. e4 c6 2. d4 d5 3. exd5 cxd5 4. c4 Nf6 5. Nc3 e6 6. Nf3 Be7 7. cxd5 Nxd5 8.
Bd3 Nc6 9. a3 O-O 10. h4 b6 11. Qe2 Bb7 12. Bg5 Nf6 13. Rd1 Rc8 14. Bb1 Na5 15.
Qd3 g6 16. h5 Nd5 17. hxg6 Bxg5 18. g7 f5 19. gxf8=Q+ Kxf8 20. Ne2 Nc4 21. Rxh7
Nxb2 22. Qb3 Kg8 23. Rxb7 Nxd1 24. Kxd1 Bh6 25. Bd3 Qd6 26. Bc4 Nc7 27. Rxa7 b5
28. Bxb5 Qb6 29. Bc4 Qxa7 30. Bxe6+ Nxe6 31. Qxe6+ Kg7 32. Qxc8 Qxa3 33. Qc6
Qa4+ 1-0

[Event "DLM 2008"]
[Site "Dresden GER"]
[Date "2008.11.16"]
[Round "4"]
[White "Remy, Janina"]
[Black "Djalalova, Nigora"]
[Result "1-0"]
[Termination "normal"]
[Board "5.4"]
[WhiteElo "1983"]
[BlackElo "1961"]
[WhiteTeam "Rheinland-Pfalz"]
[BlackTeam "Württemberg 2"]
[PlyCount "91"]
[WhiteFideId "24627348"]
[BlackFideId "14202166"]
[EventCountry "GER"]
[EventRounds "7"]
[EventType "team-swiss"]
[EventDate "2008.11.13"]

1. e4 c5 2. Nc3 e6 3. g3 Nc6 4. Bg2 g6 5. Nge2 Bg7 6. O-O Nge7 7. d3 O-O 8. Nf4
Nd4 9. Be3 d6 10. Qd2 Rb8 11. Nd1 b6 12. c3 Ndc6 13. d4 Na5 14. d5 e5 15. Ne2
Nc4 16. Qe1 Nxe3 17. Nxe3 f5 18. f4 fxe4 19. Bxe4 Nf5 20. Ng2 Re8 21. Qb1 Rb7
22. g4 Nh6 23. h3 Rf7 24. Qd3 Ref8 25. Rf3 Qe7 26. Raf1 exf4 27. Nexf4 Qg5 28.
Ne6 Rxf3 29. Bxf3 Bxe6 30. dxe6 Be5 31. Qd5 Qe7 32. Be2 Rxf1+ 33. Bxf1 Kg7 34.
Bc4 Ng8 35. Qf3 Nf6 36. h4 h5 37. gxh5 Nxh5 38. Ne3 Nf4 39. Qg4 Kh7 40. Ng2
Nxg2 41. Kxg2 Qb7+ 42. Kf2 Qh1 43. e7 Qh2+ 44. Ke3 Qh1 45. e8=Q Qe1+ 46. Be2
1-0

[Event "DLM 2008"]
[Site "Dresden GER"]
[Date "2008.11.16"]
[Round "4"]
[White "Marquardt, Patrick"]
[Black "Voss, Chantal"]
[Result "1-0"]
[Termination "normal"]
[Board "5.5"]
[WhiteElo "1996"]
[BlackElo "1902"]
[WhiteTeam "Württemberg 2"]
[BlackTeam "Rheinland-Pfalz"]
[PlyCount "50"]
[WhiteFideId "4670086"]
[BlackFideId "4664906"]
[EventCountry "GER"]
[EventRounds "7"]
[EventType "team-swiss"]
[EventDate "2008.11.13"]

1. e4 e6 2. d4 d5 3. exd5 exd5 4. Nf3 Nc6 5. h3 Bd6 6. c4 dxc4 7. Bxc4 Qe7+ 8.
Be3 Nf6 9. O-O O-O 10. Nc3 Bf5 11. Bg5 Qd7 12. Bxf6 gxf6 13. Nd5 Kg7 14. Ne3
Bxh3 15. Nh4 Nxd4 16. Qxd4 Rg8 17. Qe4 Rae8 18. Qf3 Kf8 19. Nhf5 Bxf5 20. Nxf5
Re5 21. Nxd6 cxd6 22. g3 Reg5 23. Qxf6 Rh5 24. Rfe1 b5 25. Bb3 Qc6 1-0

[Event "DLM 2008"]
[Site "Dresden GER"]
[Date "2008.11.16"]
[Round "4"]
[White "Grzeca, Pascal"]
[Black "Gibicar, Danijel"]
[Result "1-0"]
[Termination "normal"]
[Board "5.6"]
[WhiteElo "1903"]
[BlackElo "1863"]
[WhiteTeam "Rheinland-Pfalz"]
[BlackTeam "Württemberg 2"]
[PlyCount "57"]
[WhiteFideId "24600741"]
[BlackFideId "24660256"]
[EventCountry "GER"]
[EventRounds "7"]
[EventType "team-swiss"]
[EventDate "2008.11.13"]

1. e4 e5 2. f4 Nf6 3. Nc3 d5 4. exd5 Nxd5 5. Nf3 Nxc3 6. bxc3 Qd5 7. Nxe5 Nd7
8. Qf3 Qxf3 9. Nxf3 Nc5 10. d3 Be6 11. Ng5 Bd5 12. c4 Bc6 13. d4 Ne4 14. d5
Bb4+ 15. Ke2 Nc3+ 16. Kd3 Bd7 17. a3 Bf5+ 18. Ke3 Nd1+ 19. Ke2 Bc3 20. Ra2 Bg4+
21. Nf3 O-O-O 22. Kxd1 b5 23. Bb2 Ba5 24. Bxg7 Rhe8 25. c3 Re3 26. Kd2 Rde8 27.
Bd4 R3e4 28. Be5 f6 29. Bd3 1-0

[Event "DLM 2008"]
[Site "Dresden GER"]
[Date "2008.11.16"]
[Round "4"]
[White "Schäfer, Daniela"]
[Black "Stahnecker, Ludwig"]
[Result "0-1"]
[Termination "normal"]
[Board "5.7"]
[WhiteElo "1856"]
[BlackElo "1939"]
[WhiteTeam "Württemberg 2"]
[BlackTeam "Rheinland-Pfalz"]
[PlyCount "146"]
[WhiteFideId "4624769"]
[BlackFideId "24692026"]
[EventCountry "GER"]
[EventRounds "7"]
[EventType "team-swiss"]
[EventDate "2008.11.13"]

1. e4 c5 2. Nf3 e6 3. d3 Nc6 4. g3 Be7 5. Bg2 d6 6. O-O Nf6 7. Re1 O-O 8. c3 d5
9. Nbd2 Qc7 10. Qe2 b6 11. Nf1 Ba6 12. Bf4 Qc8 13. e5 Nd7 14. h4 b5 15. Rad1 b4
16. c4 Nb6 17. b3 d4 18. N1d2 Bb7 19. Ne4 a5 20. Bg5 Qd8 21. Nd6 Rb8 22. Nxb7
Rxb7 23. Bxe7 Qxe7 24. Ng5 Rc7 25. Bxc6 h6 26. Nxe6 fxe6 27. Bg2 Qf7 28. f4 a4
29. Qg4 a3 30. Bh3 Re7 31. Rd2 Qe8 32. Rf2 Nd7 33. Bg2 g6 34. Be4 Rg7 35. Bc6
Qf7 36. Ref1 Qf5 37. Qe2 Nb8 38. g4 Qf7 39. Be4 Qe7 40. g5 h5 41. Bxg6 Rxg6 42.
Qxh5 Qh7 43. Qg4 Rf5 44. h5 Rg7 45. Rg2 Kf8 46. Qf3 Ra7 47. Kf2 Nd7 48. Ke1
Nxe5 49. Qe4 Nxd3+ 50. Qxd3 Qxh5 51. Qe4 Re7 52. Qa8+ Kg7 53. Qe4 Qh3 54. Rd2
Qg3+ 55. Kd1 Qg4+ 56. Qe2 Qxe2+ 57. Rxe2 e5 58. Kd2 e4 59. Ree1 Kg6 60. Ke2
Ref7 61. Rf2 Rxf4 62. Rg2 R4f5 63. Reg1 Rf3 64. Ke1 Rh3 65. Rg4 Rf5 66. R1g2
Rh5 67. Re2 e3 68. Kd1 Rhxg5 69. Rxg5+ Rxg5 70. Kc2 Kf5 71. Kd3 Kf4 72. Kc2 Kf3
73. Kd3 Rg2 0-1

[Event "DLM 2008"]
[Site "Dresden GER"]
[Date "2008.11.16"]
[Round "4"]
[White "Röhlich, Anna"]
[Black "Bohm, Stephanie"]
[Result "1-0"]
[Termination "normal"]
[Board "5.8"]
[WhiteElo "987"]
[BlackElo "1162"]
[WhiteTeam "Rheinland-Pfalz"]
[BlackTeam "Württemberg 2"]
[PlyCount "67"]
[EventCountry "GER"]
[EventRounds "7"]
[EventType "team-swiss"]
[EventDate "2008.11.13"]

1. e4 c5 2. Nc3 Nc6 3. f4 e6 4. e5 d6 5. exd6 Bxd6 6. d3 Nf6 7. Nf3 O-O 8. g3
Nd5 9. Ne4 Re8 10. c4 Nf6 11. Nfd2 e5 12. Be2 exf4 13. Nxf6+ Qxf6 14. Ne4 Qe7
15. Nxd6 Qxd6 16. Bxf4 Qe7 17. Kf2 Nd4 18. Re1 Qf6 19. h4 Nc6 20. Qd2 h6 21.
Kg2 Qf5 22. a3 Qh3+ 23. Kg1 g5 24. Bf1 Rxe1 25. Rxe1 Qd7 26. hxg5 Nd4 27. Bg2
hxg5 28. Bxg5 Qg4 29. Re8+ Kg7 30. Qe3 Nf5 31. Qe5+ Kg6 32. Rg8+ Kh5 33. Qh8+
Nh6 34. Qxh6# 1-0

[Event "DLM 2008"]
[Site "Dresden GER"]
[Date "2008.11.16"]
[Round "4"]
[White "Friedrich, Ricardo"]
[Black "Müller, Jan-Hendrik"]
[Result "1-0"]
[Termination "normal"]
[Board "6.1"]
[WhiteElo "2051"]
[BlackElo "2091"]
[WhiteTeam "Sachsen 1"]
[BlackTeam "Hamburg"]
[PlyCount "61"]
[WhiteFideId "24667170"]
[BlackFideId "24615048"]
[EventCountry "GER"]
[EventRounds "7"]
[EventType "team-swiss"]
[EventDate "2008.11.13"]

1. e4 e6 2. d4 d5 3. Nc3 Bb4 4. e5 c5 5. a3 Bxc3+ 6. bxc3 Ne7 7. Nf3 Nbc6 8.
Be2 Qa5 9. Bd2 O-O 10. O-O Qa4 11. Rb1 a6 12. Bd3 Ng6 13. h4 cxd4 14. cxd4 Nxd4
15. Rb4 Nxf3+ 16. Qxf3 Qe8 17. Qg3 f5 18. exf6 Rxf6 19. h5 Nf8 20. Bc3 Qe7 21.
Bxf6 Qxf6 22. Re1 b5 23. Qd6 Bb7 24. Rf4 Rd8 25. Qb4 Qg5 26. Rxf8+ Rxf8 27.
Bxh7+ Kf7 28. Qd6 e5 29. Qd7+ Qe7 30. Bg6+ Kf6 31. Qf5# 1-0

[Event "DLM 2008"]
[Site "Dresden GER"]
[Date "2008.11.16"]
[Round "4"]
[White "Borgmeyer, Max"]
[Black "Schulz, Anja"]
[Result "1-0"]
[Termination "normal"]
[Board "6.2"]
[WhiteElo "2069"]
[BlackElo "1954"]
[WhiteTeam "Hamburg"]
[BlackTeam "Sachsen 1"]
[PlyCount "73"]
[WhiteFideId "24615870"]
[BlackFideId "24647845"]
[EventCountry "GER"]
[EventRounds "7"]
[EventType "team-swiss"]
[EventDate "2008.11.13"]

1. e4 c5 2. Nf3 d6 3. d4 cxd4 4. Nxd4 Nf6 5. Nc3 a6 6. Be3 e5 7. Nb3 Be6 8. f3
Be7 9. Qd2 O-O 10. O-O-O Nbd7 11. g4 b5 12. g5 b4 13. Ne2 Ne8 14. h4 a5 15. Kb1
a4 16. Nbc1 Qb8 17. Bh3 Nc7 18. Bxe6 Nxe6 19. Ng3 g6 20. h5 Ndc5 21. hxg6 fxg6
22. Qh2 Rf7 23. Nf5 Bf8 24. Nh4 Bg7 25. Nxg6 hxg6 26. Qh7+ Kf8 27. Qxg6 b3 28.
cxb3 axb3 29. a3 Nd4 30. Rh7 Qc7 31. Bxd4 exd4 32. Rdh1 Ne6 33. Nxb3 d3 34.
Rxg7 Nxg7 35. Rh8+ Ke7 36. Rxa8 Ne6 37. Qg8 1-0

[Event "DLM 2008"]
[Site "Dresden GER"]
[Date "2008.11.16"]
[Round "4"]
[White "Dünzel, Jonas"]
[Black "Lampert, Jonas"]
[Result "1-0"]
[Termination "normal"]
[Board "6.3"]
[WhiteElo "2007"]
[BlackElo "1925"]
[WhiteTeam "Sachsen 1"]
[BlackTeam "Hamburg"]
[PlyCount "155"]
[WhiteFideId "24631167"]
[BlackFideId "1303759"]
[EventCountry "GER"]
[EventRounds "7"]
[EventType "team-swiss"]
[EventDate "2008.11.13"]

1. e4 e5 2. Nf3 Nf6 3. Nxe5 d6 4. Nf3 Nxe4 5. Nc3 Nxc3 6. dxc3 Nc6 7. Bd3 Bg4
8. h3 Bh5 9. g4 Bg6 10. Bf4 Qe7+ 11. Qe2 Bxd3 12. cxd3 h5 13. g5 g6 14. Qxe7+
Nxe7 15. Kd2 Nf5 16. Rhe1+ Kd7 17. Re4 Be7 18. Nd4 Nxd4 19. Rxd4 Rhe8 20. Re1
Bf8 21. Rde4 Rxe4 22. dxe4 Re8 23. Kd3 Be7 24. Rg1 Bd8 25. Be3 a6 26. f4 c5 27.
b3 b5 28. c4 Be7 29. Bd2 b4 30. h4 Bf8 31. f5 Bg7 32. f6 Bf8 33. Ra1 Ke6 34. a3
a5 35. axb4 axb4 36. Ke3 Kd7 37. Bc1 Ke6 38. Bb2 Rd8 39. Kf4 Kd7 40. Ra6 Ke6
41. Ra7 Re8 42. Ra6 Rd8 43. e5 Re8 44. exd6 Bxd6+ 45. Be5 Rd8 46. Ke4 Rd7 47.
Rc6 Rd8 48. Bxd6 Rxd6 49. Rxc5 Rd1 50. Re5+ Kd6 51. Rd5+ Ke6 52. Re5+ Kd6 53.
Re7 Re1+ 54. Kd3 Rxe7 55. fxe7 Kxe7 56. Ke4 f6 57. gxf6+ Kxf6 58. Kf4 Ke6 59.
Kg5 Ke5 60. Kxg6 Kd4 61. c5 Kxc5 62. Kxh5 Kd4 63. Kg4 Kc3 64. h5 Kxb3 65. h6
Kc2 66. h7 b3 67. h8=Q b2 68. Qc8+ Kd2 69. Qb7 Kc1 70. Qc6+ Kd2 71. Qb5 Kc1 72.
Qc4+ Kd2 73. Qb3 Kc1 74. Qc3+ Kb1 75. Kf3 Ka2 76. Qc2 Ka1 77. Qa4+ Kb1 78. Ke2
1-0

[Event "DLM 2008"]
[Site "Dresden GER"]
[Date "2008.11.16"]
[Round "4"]
[White "Müller, Tobias"]
[Black "Schätz, Christopher"]
[Result "1/2-1/2"]
[Termination "normal"]
[Board "6.4"]
[WhiteElo "1687"]
[BlackElo "2036"]
[WhiteTeam "Hamburg"]
[BlackTeam "Sachsen 1"]
[PlyCount "48"]
[WhiteFideId "24643394"]
[BlackFideId "24623997"]
[EventCountry "GER"]
[EventRounds "7"]
[EventType "team-swiss"]
[EventDate "2008.11.13"]

1. c4 b6 2. Nc3 Bb7 3. e4 e6 4. d4 Bb4 5. Qc2 d6 6. Bd3 Nd7 7. Nge2 c5 8. d5
Ne7 9. O-O Bxc3 10. Nxc3 Ne5 11. Bf4 N7g6 12. Bxe5 Nxe5 13. f4 Nxd3 14. Qxd3
O-O 15. dxe6 fxe6 16. Rad1 Qf6 17. Qxd6 Rad8 18. Qe5 Qxe5 19. fxe5 Rxf1+ 20.
Kxf1 Rxd1+ 21. Nxd1 Bxe4 22. Kf2 Kf7 23. Nc3 Bc6 24. g4 a6 1/2-1/2

[Event "DLM 2008"]
[Site "Dresden GER"]
[Date "2008.11.16"]
[Round "4"]
[White "Nguyen Minh, Thuy"]
[Black "Schulenburg, Torben"]
[Result "0-1"]
[Termination "normal"]
[Board "6.5"]
[WhiteElo "1867"]
[BlackElo "1905"]
[WhiteTeam "Sachsen 1"]
[BlackTeam "Hamburg"]
[PlyCount "98"]
[WhiteFideId "24672688"]
[BlackFideId "24648558"]
[EventCountry "GER"]
[EventRounds "7"]
[EventType "team-swiss"]
[EventDate "2008.11.13"]

1. e4 e6 2. d4 d5 3. Nc3 Bb4 4. exd5 exd5 5. Bd3 Nc6 6. Nge2 Nge7 7. O-O Bxc3
8. bxc3 Bg4 9. f3 Be6 10. Rb1 Na5 11. Ng3 g6 12. Qe1 Qd7 13. Rb5 b6 14. Bh6 c6
15. Rb1 O-O-O 16. Bf4 Kb7 17. Qc1 f6 18. Qa3 Ka8 19. Rfe1 Rhe8 20. Kh1 h5 21.
Ne2 g5 22. Bd2 Nc8 23. Nc1 Nd6 24. Nb3 Nac4 25. Qc1 Bf5 26. a4 a5 27. Qd1 Qh7
28. Rxe8 Rxe8 29. Bc1 Bxd3 30. cxd3 Qxd3 31. Bd2 Nxd2 32. Nxd2 Re2 33. Nf1 Qxd1
34. Rxd1 Nf5 35. Kg1 Kb7 36. Rd2 Rxd2 37. Nxd2 Ne3 38. g3 Nd1 39. c4 Nc3 40.
cxd5 cxd5 41. h3 Ne2+ 42. Kf2 Nxd4 43. Ke3 Nf5+ 44. Kf2 Kc6 45. g4 hxg4 46.
fxg4 Nd4 47. Ke3 Ne6 48. Nb3 Kd6 49. Kf3 Ke5 0-1